LOT Polish Airlines Destinations 2025 - Statistics

General Stats
  • This quiz has been taken 86 times
    85 since last reset
  • The average score is 84 of 97
Answer Stats
Country Answer % Correct
Greece Athens
98%
Belgium Brussels
98%
Hungary Budapest
98%
Egypt Cairo
98%
Copenhagen
98%
Italy Milan (Malpensa)
98%
Norway Oslo
98%
Paris
98%
Paris (Orly)
98%
Prague
98%
Latvia Riga
98%
Rome
98%
Japan Tokyo
98%
Canada Toronto
98%
Austria Vienna
98%
Warsaw
98%
Netherlands Amsterdam
97%
Kazakhstan Astana
97%
Azerbaijan Baku
97%
Germany Berlin
97%
Romania Bucharest
97%
Frankfurt
97%
Krakow
97%
Portugal Lisbon
97%
Luxembourg Luxembourg City
97%
India Mumbai
97%
New Delhi
97%
Bulgaria Sofia
97%
Albania Tirana
97%
Zagreb
97%
United ArabEmirates Dubai
95%
Turkey Istanbul
95%
United Kingdom London (City)
95%
London Heathrow
95%
Munich
95%
New York
95%
Iceland Reykjavik
95%
South Korea Seoul
95%
Israel Tel Aviv
95%
Zurich
95%
Spain Barcelona
94%
Switzerland Geneva
94%
Hamburg
94%
Los Angeles
94%
Madrid
94%
Bosnia AndHerzegovina Sarajevo
94%
Stockholm
94%
Estonia Tallinn
94%
Venice
94%
Serbia Belgrade
92%
United States Chicago
92%
Nice
92%
Lithuania Vilnius
92%
Armenia Yerevan
92%
Lebanon Beirut
90%
Katowice
90%
Malta Malta
90%
Miami
90%
Saudi Arabia Riyadh
90%
Montenegro Podgorica
89%
Skopje
89%
Split
89%
Stuttgart
89%
Gdansk
87%
France Lyon
87%
Morocco Marrakesh
87%
Georgia Tbilisi
87%
Thessaloniki
87%
Croatia Dubrovnik
86%
Cyprus Larnaca
86%
Slovenia Ljubljana
86%
Moldova Chisinau
84%
Dusseldorf
84%
Sweden Gothenburg
84%
Uzbekistan Tashkent
83%
Wroclaw
81%
Poznan
79%
Czechia Ostrava
78%
Denmark Billund
76%
Lublin
76%
Malaga
76%
Szczecin
76%
Newark
75%
Cluj-Napoca
73%
Slovakia Kosice
70%
Finland Rovaniemi
70%
Rzeszow
70%
Tenerife
63%
Poland Bydgoszcz
60%
Stavanger
59%
Strasburg
57%
Macedonia Ohrid
56%
Zielona Gora
54%
Radom
52%
Olsztyn
51%
Oradea
40%
Szczytno
6%
No matching quizzes found
Score Distribution
Percent of People with Each Score
Percentile by Number Answered
Your Score History
You have not taken this quiz since the last reset